| 000 | 00493nab a2200145Ia 4500 | ||
|---|---|---|---|
| 003 | ES-SlBCS | ||
| 005 | 20210601133734.0 | ||
| 008 | 140529s1999 xxu||||| |||| 00| 0 por d | ||
| 041 | _apor | ||
| 100 | 1 |
_aBrasiliense Portilho, Maria Sibele _9209003 |
|
| 245 | 0 | 0 |
_aExtensao rural: história e prática educativa informal _c Maria Sibele Brasiliense Portilho |
| 650 | 0 | 4 |
_aEducación-Historia _9209004 |
| 773 | 0 |
_tEducaçao e Filosofia _gvol. 13, nº. 26, 1999, págs. 129 _wRev1534 |
|
| 942 | _cAR | ||
| 999 |
_c601352 _d601352 |
||